000 00422nam a2200181Ia 4500
003 0STCL
008 150530s9999 xx 000 0 und d
040 _aSTCL
_cSTCL
100 _aRhys Ernest; Ed
245 _aEverymans library classical
250 _aFirst
260 _bJ.M Dent and sons;London
_c1932
_aLondon
300 _a0
546 _aEnglish
942 _2ddc
_cBK
999 _c57410
_d57410
005 20220125171028.0